UBT Library

A CBS Insider Exposes How the Media Distort the News (Record no. 57386)

000 -LEADER
fixed length control field 00343nam a22001457a 4500
008 - FIXED-LENGTH DATA ELEMENTS--GENERAL INFORMATION
fixed length control field 210518b ||||| |||| 00| 0 eng d
020 ## - INTERNATIONAL STANDARD BOOK NUMBER
International Standard Book Number 9780895261908
041 ## - LANGUAGE CODE
Language code of text/sound track or separate title eng
080 ## - UNIVERSAL DECIMAL CLASSIFICATION NUMBER
Universal Decimal Classification number 070
082 ## - DEWEY DECIMAL CLASSIFICATION NUMBER
Classification number 070
100 ## - Rafti
Rafti 40
101 ## - Shkurtesa
Shkurtesa MED
245 ## - TITLE STATEMENT
Title A CBS Insider Exposes How the Media Distort the News
Statement of responsibility, etc Goldberg,B
942 ## - ADDED ENTRY ELEMENTS (KOHA)
Source of classification or shelving scheme
Item type Books
Holdings
Withdrawn status Lost status Source of classification or shelving scheme Damaged status Not for loan Collection code Permanent location Current location Shelving location Date acquired Total Checkouts Full call number Barcode Date last seen Price effective from Koha item type
          Koleksioni i përgjithshem UBT - Lipjan UBT - Lipjan Koleksioni i përgjithshem 05/18/2021   070 GOL 002-5000979 05/18/2021 05/18/2021 Books
UBT Library © 2015-2024. All rights reserved University Education for Business and Technology